000 02860nam0a2200397 4500
001 RU\NLR\BIBL_A\022778934
005 20260422133337.0
035 _a(NLR Aleph) 022778934
090 _a13656063
_c13656063
100 _a20260408d1972 u y0rusy50 ca
101 0 _arus
102 _aRU
105 _ay ag 010yd
181 0 _ai
_baxxe
182 0 _an
200 1 _aИнформационный библиографический бюллетень
_eо творчестве молдавских писателей Чобану Иона Константиновича, Букова Емилиана Нестеровича, Виеру Григоре Павловича, Крученюка Петри Арсентьевича, Рошки Валентина Федоровича, Савостина Николая Сергеевича в связи с их приездом в Одессу
_eк Дням молдавской литературы в Одессе, посвященным 50-летию образования СССР, 21-27 августа 1972 г.
_fМинистерство культуры УССР, Одесская государственная научная библиотека им. А. М. Горького
_gсоставители: С. В. Дзюбина [и др.]
203 _aТекст
_bвизуальный
_cнепосредственный
210 _aОдесса
_c[б. и.]
_d1972
215 _a35, [2] с.
_d19
300 _aЗагл. обл.: Информационный библиографический бюллетень о творчестве молдавских писателей
309 _aНапеч. на пиш. маш. Ротапринт
512 1 _aИнформационный библиографический бюллетень о творчестве молдавских писателей
702 1 _aДзюбина
_bС. В.
_gСветлана Васильевна
_4220
702 1 _aЧобану
_bИ. К.
_f1927-
_gИон Константинович
_4280
702 1 _aБуков
_bЕ. Н.
_f1909-1984
_gЕмилиан Несторович
_3RU\NLR\AUTH\770280858
_4280
702 1 _aВиеру
_bГ. П.
_f1935-2009
_gГригорий Павлович
_3RU\NLR\AUTH\7731146
_4280
702 1 _aКрученюк
_bП. А.
_f1917-1988
_gПетр Аксентьевич
_3RU\NLR\AUTH\770292669
_4280
702 1 _aРошка
_bВ. Ф.
_f1925-1987
_gВалентин Федорович
_4280
702 1 _aСавостин
_bН. С.
_f1926-
_gНиколай Сергеевич
_4280
712 0 2 _aОдесская государственная научная библиотека им. А. М. Горького
_3RU\NLR\AUTH\889968478
_4570
852 _aNLR
_jс945Молд/И-74
942 _cBOOK
980 _aNB